000 00311nam a2200133Ia 4500
008 190722s9999 xx 000 0 und d
020 _a978-81-317-2323-4
100 _aRichard T.Wright
245 0 _aEnvironmental Science
250 _a10th
260 _aUSA
_bPearson
_c2014
300 _a704
942 _cBK
999 _c1203
_d1203